[Event "Partida 1"]
[Site "http://www.queenalice.com/game.php?id=470964"]
[Date "2008.10.1"]
[Round "-"]
[White "PioDeCuritiba"]
[Black "LEGIONARIO"]
[Result "0-1"]
[WhiteElo "1100"]
[BlackElo "1850"]

1. e4 c5 2. Nf3 d6 3. Bc4 e6 4. Nc3 Nc6 5. O-O Be7 6. d4 cxd4 7. Nxd4 Bd7 8. Qg4
g6 9. Nxc6 bxc6 10. Bf4 e5 11. Bg3 Bxg4 12. h3 Be6 13. Bxe6 fxe6 14. Na4 Nf6 15.
Rae1 O-O 16. f4 exf4 17. Bxf4 e5 18. Bg5 Kg7 19. b4 Rb8 20. a3 c5 21. c3 cxb4
22. axb4 a5 23. Bd2 axb4 24. cxb4 d5 25. Nc5 Bxc5+ 26. bxc5 dxe4 27. Rd1 Qd4+
28. Kh2 Qxc5 29. Bg5 Nd5 30. Rc1 Qa3 31. Ra1 Qd6 32. Ra7+ Nc7 33. Rc1 Rfc8 34.
Bd2 Qxd2 35. Rc6 Qf4+ 36. g3 Rb2+ 0-1

[Event "Challenge"]
[Site "http://www.queenalice.com/game.php?id=477405"]
[Date "2008.10.15"]
[Round "-"]
[White "AURELIOMAXIMUS"]
[Black "LEGIONARIO"]
[Result "1-0"]
[WhiteElo "2026"]
[BlackElo "2029"]

1. Nf3 d5 2. c4 Nf6 3. cxd5 Qxd5 4. Nc3 Qd8 5. e3 e6 6. d4 Bb4 7. Bd2 O-O 8. Be2
Bd7 9. O-O Nc6 10. Qc2 Qe7 11. Rac1 e5 12. a3 Bxc3 13. bxc3 exd4 14. Nxd4 Nxd4
15. cxd4 c6 16. Bb4 Qe4 17. Bxf8 Rxf8 18. Qxe4 Nxe4 19. f3 Nd6 20. Kf2 g6 21.
Rfd1 f5 22. d5 Nf7 23. dxc6 Bxc6 24. Bc4 Kg7 25. Bd5 Bxd5 26. Rxd5 b6 27. Rc7 a5
28. Rdd7 b5 29. h3 b4 30. axb4 axb4 31. Rb7 Kf6 32. Rxb4 Kg5 33. Rb6 h6 34. Kg3
h5 35. h4+ Kh6 36. Rbb7 Kg7 37. Kh3 Kg8 38. g4 hxg4+ 39. fxg4 fxg4+ 40. Kg3 Kg7
41. Kxg4 Kf6 42. Rxf7+ Rxf7 43. Rxf7+ Kxf7 44. Kg5 Kg7 45. e4 Kf7 46. e5 Kg7 47.
e6 Kf8 48. Kxg6 Ke7 49. Kg7 Kxe6 50. h5 Ke7 51. h6 1-0

[Event "Challenge"]
[Site "http://www.queenalice.com/game.php?id=478197"]
[Date "2008.10.16"]
[Round "-"]
[White "piemme"]
[Black "LEGIONARIO"]
[Result "0-1"]
[WhiteElo "1832"]
[BlackElo "2094"]

1. e4 e5 2. Nf3 Nc6 3. Bc4 h6 4. O-O Nf6 5. c3 Bc5 6. h3 O-O 7. b4 Bb6 8. b5 Na5
9. Nxe5 d5 10. Bxd5 Nxd5 11. exd5 Qxd5 12. d4 Qxb5 13. Na3 Qd5 14. Qf3 Qxf3 15.
Nxf3 Re8 16. Nb5 Bf5 17. Bf4 Bd3 18. Nxc7 Bxc7 19. Bxc7 Bxf1 20. Bxa5 Be2 21.
Ne1 Rac8 22. Rb1 b6 23. Bb4 a5 24. Bd6 Rxc3 25. Bb4 axb4 26. f3 Bc4 27. Kf2 Re2+
28. Kg3 Bxa2 29. Ra1 b3 30. Rd1 b2 31. d5 b1=Q 32. Rxb1 Bxb1 33. d6 Rxe1 34. d7
Rd1 35. d8=Q+ Rxd8 36. Kh2 Rd2 37. Kg3 Rcc2 38. f4 Rxg2+ 0-1

[Event "Challenge"]
[Site "http://www.queenalice.com/game.php?id=480706"]
[Date "2008.10.21"]
[Round "-"]
[White "micha"]
[Black "LEGIONARIO"]
[Result "0-1"]
[WhiteElo "1995"]
[BlackElo "1938"]

1. e4 c5 2. Bc4 Nc6 3. a3 g6 4. d3 Bg7 5. c3 e6 6. Nf3 Nge7 7. Be3 d6 8. Qd2 Bd7
9. Bh6 O-O 10. h4 d5 11. Bxg7 Kxg7 12. exd5 exd5 13. Ba2 Bg4 14. Qf4 Qb6 15. b4
cxb4 16. cxb4 Bxf3 17. Qxf3 Qd4 18. Qe2 Qxa1 19. O-O Qd4 20. Bb3 Qxh4 21. Qb2+
Qf6 22. Qxf6+ Kxf6 23. Nd2 Nd4 24. Bd1 Rfc8 25. Bg4 Rc3 26. Nb1 Rxd3 27. Rc1 h5
28. Bd1 Rc8 0-1

[Event "AUTO-MASTER-643"]
[Site "http://www.queenalice.com/game.php?id=480738"]
[Date "2008.10.21"]
[Round "1"]
[White "maykel"]
[Black "LEGIONARIO"]
[Result "0-1"]
[WhiteElo "2247"]
[BlackElo "2131"]

1. c4 Nf6 2. d4 e6 3. Nc3 d5 4. Bg5 Be7 5. e3 O-O 6. Nf3 h6 7. Bh4 b6 8. Bd3
dxc4 9. Bxc4 Bb7 10. O-O Nbd7 11. Qe2 a6 12. Rad1 b5 13. Bb3 b4 14. Na4 Ne4 15.
Bxe7 Qxe7 16. Qc4 a5 17. Qxc7 Rfc8 18. Qf4 g5 19. Qg4 Ndf6 20. Qh3 g4 21. Qxh6
gxf3 22. gxf3 Nd6 23. Nb6 Bxf3 24. Nxc8 Rxc8 25. Rc1 Rd8 26. Qf4 Be2 27. Rfe1
Nh5 28. Qe5 Bf3 29. Bd5 Bxd5 30. Qxh5 Qf6 31. Qg4+ Kh7 32. Qh5+ Qh6 0-1

[Event "AUTO-MASTER-643"]
[Site "http://www.queenalice.com/game.php?id=480739"]
[Date "2008.10.21"]
[Round "1"]
[White "LEGIONARIO"]
[Black "maykel"]
[Result "1-0"]
[WhiteElo "2084"]
[BlackElo "2231"]

1. Nf3 c5 2. c4 Nf6 3. Nc3 e6 4. e3 Nc6 5. Be2 Be7 6. O-O O-O 7. a3 e5 8. d4
exd4 9. exd4 cxd4 10. Nd5 d6 11. Bf4 Bg4 12. Nxd4 Bxe2 13. Nxe2 Nxd5 14. Qxd5
Bf6 15. Bxd6 Re8 16. Nc3 Bxc3 17. bxc3 Re6 18. c5 Qa5 19. Qb3 b6 20. Rfd1 Rd8
21. Qc4 Rd7 22. Re1 Nd8 23. c6 b5 24. Qc5 Qb6 25. Qxb6 axb6 26. cxd7 1-0

[Event "AUTO-MASTER-643"]
[Site "http://www.queenalice.com/game.php?id=480752"]
[Date "2008.10.21"]
[Round "1"]
[White "mandaragit"]
[Black "LEGIONARIO"]
[Result "1-0"]
[WhiteElo "2229"]
[BlackElo "2105"]

1. d4 Nf6 2. c4 g6 3. Nc3 Bg7 4. e4 d6 5. Nf3 O-O 6. Be2 e5 7. O-O Nc6 8. d5 Ne7
9. Nd2 Ne8 10. b4 f5 11. c5 a5 12. Ba3 fxe4 13. Ndxe4 Nf6 14. cxd6 cxd6 15. bxa5
Nf5 16. Bb4 b6 17. axb6 Qxb6 18. Rb1 Qd4 19. Nxf6+ Rxf6 20. Qxd4 Nxd4 21. Bd3
Bf5 22. Rfd1 h5 23. a3 Bh6 24. Ne4 Bxe4 25. Bxe4 Kf7 26. Rd3 Ke7 27. f3 Ra7 28.
Kh1 Bg5 29. Rc3 Bd2 30. Rc8 Bxb4 31. axb4 Nb5 32. Rbc1 Ra3 33. Rb8 Rc3 34. Ra1
Na3 35. b5 Rb3 36. b6 Rf7 37. Bxg6 Rg7 38. Bxh5 Kf6 39. h3 Kg5 40. Bg4 Kf4 41.
Kh2 Ke3 42. b7 Nb1 43. Rd8 Rgxb7 44. Rxd6 Nd2 45. Re6 Nc4 46. d6 Rd3 47. Rc1
Nxd6 48. Rxe5+ Kf4 49. Rce1 Rb2 50. R1e2 Rxe2 51. Rxe2 1-0

[Event "AUTO-MASTER-643"]
[Site "http://www.queenalice.com/game.php?id=480753"]
[Date "2008.10.21"]
[Round "1"]
[White "LEGIONARIO"]
[Black "mandaragit"]
[Result "1-0"]
[WhiteElo "1979"]
[BlackElo "2203"]

1. c4 e5 2. Nc3 Nf6 3. Nf3 Nc6 4. g3 Bb4 5. Bg2 O-O 6. O-O e4 7. Ne1 Bxc3 8.
dxc3 h6 9. Nc2 Re8 10. Ne3 d6 11. Qc2 Qe7 12. Nd5 Nxd5 13. cxd5 Nb8 14. Be3 Bf5
15. Qb3 b6 16. Qc4 Qd8 17. Qd4 Nd7 18. c4 a5 19. Rfd1 Qe7 20. Qc3 h5 21. h3 h4
22. g4 Bg6 23. Qc1 f6 24. Bf4 Bh7 25. a3 a4 26. Be3 g5 27. Qc3 Bg6 28. Rac1 Kh7
29. Ra1 f5 30. gxf5 Bxf5 31. Kf1 Rg8 32. Ke1 Qe5 33. Qxe5 Nxe5 34. Rd4 g4 35.
Bxe4 Bxe4 36. Rxe4 Rg6 37. Kd2 Rh8 38. hxg4 Rxg4 39. Rxg4 Nxg4 40. Bd4 Rf8 41.
Rh1 Nxf2 42. Rxh4+ Kg6 43. Be3 1-0

[Event "AUTO-MASTER-643"]
[Site "http://www.queenalice.com/game.php?id=480760"]
[Date "2008.10.21"]
[Round "1"]
[White "Melchiorvsky"]
[Black "LEGIONARIO"]
[Result "0-1"]
[WhiteElo "1906"]
[BlackElo "2072"]

1. e4 c5 2. Nf3 Nc6 3. d4 cxd4 4. Nxd4 Nf6 5. Nc3 d6 6. Be3 Ng4 7. Nxc6 bxc6 8.
Bd2 Qb6 9. Qe2 Qxb2 10. Rc1 g6 11. h3 Ne5 12. Qe3 Bg7 13. Bd3 Ng4 14. hxg4 Bxc3
15. Bxc3 Qxc3+ 16. Ke2 Bxg4+ 17. f3 Be6 18. Rh4 Bxa2 19. Rch1 h5 20. e5 Qxe5 21.
Re4 Qf6 22. Rf4 Qg5 23. g4 e5 24. gxh5 Qg2+ 0-1

[Event "AUTO-MASTER-643"]
[Site "http://www.queenalice.com/game.php?id=480761"]
[Date "2008.10.21"]
[Round "1"]
[White "LEGIONARIO"]
[Black "Melchiorvsky"]
[Result "1-0"]
[WhiteElo "2048"]
[BlackElo "1891"]

1. d4 Nf6 2. c4 e6 3. Nf3 d5 4. Nc3 c6 5. e3 Bb4 6. Bd2 Bxc3 7. Bxc3 Ne4 8. cxd5
cxd5 9. Rc1 O-O 10. Bb4 Re8 11. Qb3 Nc6 12. Bd3 f5 13. Ba3 Bd7 14. Qxb7 Rb8 15.
Qa6 Rb6 16. Qa4 Nxd4 17. Qxd4 Qb8 18. Qe5 Rc8 19. Qxb8 Rcxb8 20. Ne5 Be8 21. b3
Nf6 22. Ke2 R8b7 23. Bc5 1-0